000 00639nam a22002177a 4500
003 OSt
005 20150310101223.0
008 150310b xxu||||| |||| 00| 0 eng d
020 _a84-02-08084-7
040 _cBMC
082 _a813.5
100 1 _aDos Passos, John
_d1896-1970
_931519
245 1 0 _aParalelo 42
_cJohn Dos Passos ; [traducción del inglés Marcelo Cohen]
260 _aBarcelona
_bBruguera
_ccop. 1981
300 _a408 p., 4 h.
_c18 cm
490 _aClub
_v80
595 _aTraducción de: 42nd parallel
650 2 4 _917595
_aNovela norteamericana
700 1 _aCohen, Marcelo‏
_932545
942 _2ddc
_cBK
_hahoj
999 _c19418
_d19418